Staff papers International Monetary Fund

Salvato in:
Dettagli Bibliografici
Natura: Periodico
Lingua:inglese
Pubblicazione: Washington International Monetary Fund
Soggetti:
Tags: Aggiungi Tag
Nessun Tag, puoi essere il primo ad aggiungerne!!

MARC

LEADER 00000nas1a22000001 4500
001 s120286
005 20230608115855.3
022 |a 0020-8027 
041 0 |a eng 
044 |a US 
245 1 0 |a Staff papers  |b International Monetary Fund 
264 1 |a Washington  |b International Monetary Fund 
610 2 0 |a financie medzinárodné 
610 2 0 |a Medzinárodný menový fond